1828 1195 1659 1964 1851 1532 1805 1466 1098 1357 1495 1622 1604 1544 1814 1568 1182 1229 1952 1146 1504 1636 1527 1377 1904 1319 1450 1666 1640 1771 1811 1095 1102 1834 1517 1855 1658 1329 1593 1810 1441 1897 1069 1946 1773 1163 1054 1575 1583 1209 1388 1119 1556 1230 1155 1646 1169 1488 1105 1949 1149 1461 1370 1360 1445 1052 1635 1879 1621 1339 1149 1373 1528 1557 1295 1510 1617 1649 1006 1940 1580 1284 1163 1404 1273 1562 1729 1742 1797 1889 1804 1538 1370 1408 1196 1828 1339 1990 1276 BCNSPRNW ULIB Ver.6.0+V

เปลี่ยนเป็นภาษาไทย

Change to English
 แสดงรายละเอียดบรรณานุกรม
  กลับหน้าหลัก

Brief Record : Get Marc (ISO 2709) : E-mail record : QR code < ปิดหน้าต่าง
LEADER : 00000nam 2200000uu 4500
001    13399112910
003     ULIB
008    110916s2553||||th 000 0 tha d
020    9786165000499
090    นว.^bร147ก 2553
100 0  ร่มแก้ว
245 00 กับดักรักลวง/^cร่มแก้ว
250    พิมพ์ครั้งที่ 2
260    กรุงเทพฯ :^bพิมพ์คำ,^c2553
300    339 หน้า
945    ^p240^l0^i16995
995    กัณชพร
999     ^aใช้งานได้ทุกระบบ
รายการนี้ยังไม่มีแท็ก
คุณยังไม่ได้ล็อกอิน คุณสามารถมีกิจกรรมร่วมกับเว็บไซต์ได้ แต่ต้องล็อกอินก่อน ::
  ล็อกอิน

รายการสื่อสารสนเทศ

ลำดับที่ ประเภท เลขเรียก/บาร์โค้ด สถานที่ สถานะ
1. วิทยาศาสตร์การแพทย์ และสุขภาพ
วิทยาศาสตร์การแพทย์ และสุขภาพ
นว. ร147ก 2553  
  Barcode: 16995
ห้องสมุดวิทยาเขตสวรรค์ประชารักษ์
►นวนิยาย
บนชั้น
  ขอยืม

รายการใกล้เคียง
    ผู้แต่ง [ร่มแก้ว]

BibComment


ยังไม่เคยถูกคอมเมนท์

คอมเมนท์ทรัพยากรรายการนี้
  คอมเมนท์: กับดักรักลวง ร่มแ..


 Copyright 2026. Bcnsprnw @Library